Normal view
MARC view
- Qureshi, Sami ullah
Entry Personal Name
001 - CONTROL NUMBER
- control field: 15274
003 - CONTROL NUMBER IDENTIFIER
- control field: NUST
005 - DATE AND TIME OF LATEST TRANSACTION
- control field: 20190621061027.0
008 - FIXED-LENGTH DATA ELEMENTS
- fixed length control field: 190621|| aca||aabn | a|a d
040 ## - CATALOGING SOURCE
- Original cataloging agency: NUST
- Transcribing agency: NUST
100 ## - HEADING--PERSONAL NAME
- Personal name: Qureshi, Sami ullah
670 ## - SOURCE DATA FOUND
- Source citation: Work cat.: (NUST): Qureshi, Sami ullah, Likhy Jokhy /, 2002.
